00283nam a2200109Ia 450000500170000000800410001710000200005824500470007826000290012530000100015465000090016420260328101516.0260328s9999||||xx |||||||||||||| ||und|| aBarr, Alfred H. 0aWhat is Modern painting? /cAlfred H. Barr bThe Museum of Modern Art a43 p. aARTE